Biotecnología para ingenieros: sistemas biológicos en procesos tecnológicos

Saved in:
Bibliografiske detaljer
Hovedforfatter: Scragg, Alan (Author)
Format: Bog
Sprog:spansk
Udgivet: Ciudad de México Limusa 1997
Fag:
Tags: Tilføj Tag
Ingen Tags, Vær først til at tagge denne postø!

MARC

LEADER 00000nam a2200000 a 4500
001 UCP5685
003 CL-VaPUC
008 990927e19970000MX |||||||||||||||||spa|d
082 0 4 |a 660.6  |b SCR  |2 21 
100 0 |a Scragg, Alan  |e author  |9 434184 
245 1 0 |a Biotecnología para ingenieros: sistemas biológicos en procesos tecnológicos 
300 |a 410 p 
942 |c BK 
945 |d 19990927 00:00:00  |a rbrito 
260 |a Ciudad de México  |b Limusa  |c 1997 
650 0 |a Biotecnología   |9 259561 
650 0 |a Microbiología   |9 259706 
650 7 |a CELULA  |2 CL-VaPUC  |9 372633 
650 0 |a Enzimas  |9 262984 
650 0 |a Biología molecular  |9 269677 
650 0 |a Cinética  |9 260943 
650 0 |a Metabolismo  |9 259893 
650 7 |a ESTERILIZACION  |2 CL-VaPUC  |9 324904 
650 0 |a Biorreactores  |9 434185 
650 0 |a Antibióticos  |9 263034 
650 0 |a Ácido cítrico  |9 365794 
650 0 |a Cerveza  |9 362345 
583 |a last modification  |c 19990927 00:00:00  |k Rodrigo Vera 
999 |c 283364  |d 283362 
952 |0 0  |1 0  |2 ddc  |4 0  |6 660_600000000000000_SCR_1997  |7 0  |8 A  |9 326434  |a BIBING  |b BIBING  |c RES  |d 2019-11-20  |i 3545288  |o 660.6 SCR 1997  |p 3545288  |r 2025-01-20  |w 2019-11-20  |y BK  |k CIB 
952 |0 0  |1 0  |2 ddc  |4 0  |6 660_600000000000000_SCR_1997  |7 0  |8 A  |9 326435  |a BIBING  |b BIBING  |c RES  |d 2019-11-20  |i 3545296  |o 660.6 SCR 1997  |p 3545296  |r 2025-01-20  |w 2019-11-20  |y BK  |k CIB 
952 |0 0  |1 0  |2 ddc  |4 0  |6 660_600000000000000_SCR_1997  |7 0  |8 A  |9 326436  |a BIBING  |b BIBING  |c RES  |d 2019-11-20  |i 3772055  |o 660.6 SCR 1997  |p 3772055  |r 2025-01-20  |w 2019-11-20  |y BK  |k EIB 
952 |0 0  |1 0  |2 ddc  |4 0  |6 660_600000000000000_SCR_1997  |7 0  |8 A  |9 326437  |a BIBING  |b BIBING  |c RES  |d 2019-11-20  |i 3772063  |l 1  |o 660.6 SCR 1997  |p 3772063  |r 2025-04-02  |s 2025-04-02  |w 2019-11-20  |y BK  |k EIB 
952 |0 0  |1 0  |2 ddc  |4 0  |6 660_600000000000000_SCR_1997  |7 0  |8 A  |9 326438  |a BIBING  |b BIBING  |c RES  |d 2019-11-20  |i 3772071  |o 660.6 SCR 1997  |p 3772071  |r 2025-01-20  |w 2019-11-20  |y BK  |k EIB 
952 |0 0  |1 0  |2 ddc  |4 0  |6 660_600000000000000_SCR_1997  |7 0  |8 A  |9 326439  |a BIBING  |b BIBING  |c RES  |d 2019-11-20  |i 377208K  |o 660.6 SCR 1997  |p 377208K  |r 2025-01-20  |w 2019-11-20  |y BK  |k EIB 
952 |0 0  |1 0  |2 ddc  |4 0  |6 660_600000000000000_SCR_1997  |7 0  |8 A  |9 326440  |a BIBING  |b BIBING  |c RES  |d 2019-11-20  |i 3772098  |o 660.6 SCR 1997  |p 3772098  |r 2025-01-20  |w 2019-11-20  |y BK  |k EIB 
952 |0 0  |1 0  |2 ddc  |4 0  |6 660_600000000000000_SCR_1997  |7 0  |8 A  |9 326441  |a BIBING  |b BIBING  |c RES  |d 2019-11-20  |i 3772101  |o 660.6 SCR 1997  |p 3772101  |r 2025-01-20  |w 2019-11-20  |y BK  |k EIB